| 000 | 00885nam a2200277Ia 4500 | ||
|---|---|---|---|
| 001 | 2263 | ||
| 003 | BD-DhEWU | ||
| 005 | 20140312173807.0 | ||
| 008 | 110604s9999 xx g 001 0 und d | ||
| 020 | _a8173710384 | ||
| 035 | _a(OCoLC)659991023 | ||
| 040 |
_aBD-DhEWU _dBD-DhEWU _beng _cBD-DhEWU |
||
| 041 | _aENG | ||
| 082 |
_a338. 0285 _bRAC 1999 |
||
| 100 | 1 |
_aRAMU, S. Shiva _95258 |
|
| 245 | 1 | 0 |
_aCyberspace : _band the repositioning of corporations |
| 260 |
_aHyderabad : _bUniversities PressIndia), _c1999 |
||
| 300 |
_axxii,298 : _bill ; _c25 cm |
||
| 526 | _aCSE | ||
| 590 | _aTahur Ahmed | ||
| 653 | 1 | _aBusiness | |
| 653 | 1 | _aComputer industry Business Multinational corporations | |
| 856 |
_3WorldCat details _uhttp://www.worldcat.org/title/cyberspace-and-the-repositioning-of-corporations/oclc/659991023&referer=brief_results |
||
| 942 |
_cTEXT _2ddc |
||
| 953 | _a0 | ||
| 999 |
_c2263 _d2263 |
||